MARC

Tag First Indicator Second Indicator Subfields
LEADER 00000cam a2200000Ia 4500
001 in00002298039
005 20190326201845.0
006 m | d |
007 cr |n||||||||n
008 900906s1789 paua s 000 0 eng d
040 |a TXA  |c GKS  |d OCL  |d OCLCQ  |d Thomson Gale  |d UtOrBLW 
043 |a n-us--- 
100 1 |a Bordley, J. B.  |q (John Beale),  |d 1727-1804. 
245 1 0 |a On monies, coins, weights, and measures, proposed for the United States of America. 
264 3 |a Philadelphia :  |b Printed by Daniel Humphreys,  |c 1789. 
300 |a 25 pages, 1 unnumbered page :  |b illustrations 
336 |a text  |b txt  |2 rdacontent 
337 |a computer  |b c  |2 rdamedia 
338 |a online resource  |b cr  |2 rdacarrier 
500 |a Signed: B. 
500 |a Reproduction of original from Kress Library of Business and Economics, Harvard University. 
500 |a Goldsmiths'-Kress number 13849.1. 
510 4 |a OCLC,  |c 22336811 
533 |a Electronic reproduction.  |b Farmington Hills, Mich. :  |c Thomson Gale,  |d 2005.  |f (The making of the modern world).  |n Available via the World Wide Web.  |n Access limited to licensing agreements.  |7 s2005 miunns 
500 |a Electronic resource. 
650 0 |a Money  |z United States  |x History. 
650 0 |a Coinage  |z United States. 
650 0 |a Currency question  |z United States. 
650 0 |a Weights and measures  |z United States  |x History. 
655 0 |a Electronic books. 
830 0 |a Making of the modern world (Goldsmiths'-Kress Library of Economic Literature) 
856 4 0 |u http://proxy.library.tamu.edu/login?url=http://galenet.galegroup.com/servlet/MOME?af=RN&ae=U102177249&srchtp=a&ste=14&locID=txshracd2898  |z Connect to the full text of this electronic book  |t 0 
999 |a MARS 
999 f f |s 5785f1d9-ac98-3c69-9110-90551e525969  |i 47a467ad-d2c5-36a9-b846-29dd990b5db9  |t 0 
952 f f |a Texas A&M University  |b College Station  |c Electronic Resources  |d Available Online  |t 0  |h No information provided 
998 f f |t 0  |l Available Online